Statistics for Countries that Have Changed Names Since Their Admission to the UN

Click here to take the quiz!

General Stats

  • This quiz has been taken 26 times
    (4 since last reset)
  • The average score is 35 of 89

Answer Stats

HintAnswer% Correct
by1991Belarus
100%
de1990Germany
100%
mk2019North Macedonia
100%
mm1948Burma
67%
kh1955Cambodia
67%
kh1975Cambodia
67%
kh1990Cambodia
67%
cf1960Central African Republic
67%
cf1979Central African Republic
67%
cg1971Congo
67%
cz2016Czechia
67%
cz1993Czech Republic
67%
cd1997Democratic Republic of the Congo
67%
cd1964Democratic Republic of the Congo
67%
uar1945Egypt
67%
uar1971Egypt
67%
de1973Federal Republic of Germany
67%
ir1945Iran
67%
ir1982Islamic Republic of Iran
67%
la1955Laos
67%
mm1989Myanmar
67%
rs2006Serbia
67%
rs2003Serbia and Montenegro
67%
za1961South Africa
67%
lk1972Sri Lanka
67%
uar1961Syria
67%
uar1945Syria
67%
uar1971Syrian Arab Republic
67%
mk1993The former Yugoslav Republic of Macedonia
67%
ua1991Ukraine
67%
ru1945Union of Soviet Socialist Republics
67%
uar1958United Arab Republic
67%
cd1971Zaire
67%
bj1975Benin
33%
ve2004Bolivarian Republic of Venezuela
33%
bo1945Bolivia
33%
cv2013Cabo Verde
33%
cm1960Cameroon
33%
cm1984Cameroon
33%
cv1975Cape Verde
33%
cf1976Central African Empire
33%
lk1955Ceylon
33%
cg1960Congo (Brazzaville)
33%
cd1960Congo (Leopoldville)
33%
ci1985Côte d'Ivoire
33%
bj1960Dahomey
33%
sz2018Eswatini
33%
rs2000Federal Republic of Yugoslavia
33%
ci1960Ivory Coast
33%
la1975Lao People's Democratic Republic
33%
ly1955Libya
33%
ly2011Libya
33%
my1963Malaysia
33%
ph1945Philippine Republic
33%
ph1947Philippines
33%
bo2009Plurinational State of Bolivia
33%
ru1991Russian Federation
33%
kn1986Saint Kitts and Nevis
33%
th1945Siam
33%
sr1975Surinam
33%
sr1978Suriname
33%
sz1968Swaziland
33%
th1949Thailand
33%
tr1945Turkey
33%
tr2022Türkiye
33%
ve1945Venezuela
33%
ye1990Yemen
33%
ye1947Yemen
33%
bf1984Burkina Faso
0%
by1945Byelorussian Soviet Socialist Republic
0%
kh1976Democratic Kampuchea
0%
my1957Federation of Malaya
0%
kh1970Khmer Republic
0%
ly1977Libyan Arab Jamahiriya
0%
ly1969Libyan Arab Republic
0%
mv1965Maldive Islands
0%
mv1969Maldives
0%
ye1970People's Democratic Republic of Yemen
(Democratic Yemen)
0%
cg1970People's Republic of the Congo
0%
kn1983Saint Christopher and Nevis
0%
ye1967Southern Yemen
0%
tz1961Tanganyika
0%
ua1945Ukrainian Soviet Socialist Republic
0%
za1945Union of South Africa
0%
cm1975United Republic of Cameroon
0%
tz1964United Republic of Tanganyika and Zanzibar
0%
tz1964United Republic of Tanzania
0%
bf1960Upper Volta
0%
tz1963Zanzibar
0%

Score Distribution

Percentile by Number Answered

Percent of People with Each Score

Your Score History

You have not taken this quiz since the last reset